Normal view
MARC view
Entry Topical Term
001 - CONTROL NUMBER
- control field: 16235
003 - CONTROL NUMBER IDENTIFIER
- control field: BD-RjUL
005 - DATE AND TIME OF LATEST TRANSACTION
- control field: 20250723155039.0
008 - FIXED-LENGTH DATA ELEMENTS
- fixed length control field: 250723|| aca||aabn | a|a d
040 ## - CATALOGING SOURCE
- Original cataloging agency: BD-RjUL
- Transcribing agency: BD-RjUL
150 ## - HEADING--TOPICAL TERM
- Topical term or geographic name entry element: اردو ادیبوں کی سوانح عمری
670 ## - SOURCE DATA FOUND
- Source citation: Work cat.: (BD-RjUL)85300: فرخي, اسلم ;; farkhy, Aslam 16234, محمد حسین آزاد : حیات اور تصانىف / Muḥammad Ḥusain Āzād : ḥayāt aur taṣānīf , 1965